[Event "Mechanics' Fall TNM; 30/90, SD/30"]
[Site "San Francisco"]
[Date "2014.11.25"]
[Round "5.18"]
[White "Lin, Aung Tun"]
[Black "Maser, Tom"]
[Result "1-0"]
[WhiteElo "1689"]
[BlackElo "1914"]
[Annotator "Donaldson"]
[PlyCount "55"]
[EventDate "2014.??.??"]

1. f4 Nf6 2. Nf3 g6 3. b3 Bg7 4. Bb2 O-O 5. e3 d5 6. c4 Bg4 7. h3 Bd7 8. Qc2
Nc6 9. a3 dxc4 10. Bxc4 Bf5 11. Qc3 Qd6 12. d3 Rad8 13. O-O Bxd3 14. Rd1 Nh5
15. Ne5 Nxf4 16. exf4 Qc5+ 17. Kh2 Bxc4 18. Rxd8 Rxd8 19. Qxc4 Qxc4 20. Nxc4
Nd4 21. Bxd4 Rxd4 22. Ra2 Rxf4 23. Re2 Kf8 24. Nbd2 b5 (24... Rd4 $11) 25. Ne5
c5 $2 26. Nd7+ Ke8 27. Nxc5 Bb2 $2 (27... Rf5 $16) 28. Nd3 1-0

[Event "Mechanics' Fall TNM; 30/90, SD/30"]
[Site "San Francisco"]
[Date "2014.11.04"]
[Round "3.29"]
[White "Lin, Aung Tun"]
[Black "Nagle, Michael"]
[Result "1-0"]
[WhiteElo "1689"]
[BlackElo "1448"]
[PlyCount "63"]
[EventDate "2014.??.??"]

1. Nf3 Nf6 2. c4 g6 3. Nc3 Bg7 4. d4 O-O 5. e4 d6 6. Qc2 Bd7 7. Be2 Re8 8. Bf4
Nh5 9. Bg5 Bg4 10. Qd2 Nd7 11. h3 Bxf3 12. Bxf3 Nhf6 13. O-O-O c5 14. d5 a6 15.
a3 Rb8 16. Be2 Qa5 17. a4 Qb4 18. Qc2 b5 19. cxb5 axb5 20. Bxb5 Rxb5 21. axb5
Ra8 22. f3 Ra1+ 23. Kd2 Qd4+ 24. Ke2 Qc4+ 25. Kf2 Rxd1 26. Rxd1 Nh5 27. Be3 Ne5
28. f4 Nd7 29. g4 Nhf6 30. Ra1 Bf8 31. g5 Nh5 32. Ra4 1-0

[Event "Mechanics' Fall TNM; 30/90, SD/30"]
[Site "San Francisco"]
[Date "2014.10.21"]
[Round "1.1"]
[White "Lin, Aung Tun"]
[Black "Winslow, Elliott"]
[Result "0-1"]
[WhiteElo "1689"]
[BlackElo "2262"]
[PlyCount "62"]
[EventDate "2014.??.??"]

1. Nf3 c5 2. e3 Nc6 3. Bb5 g6 4. Bxc6 bxc6 5. Ne5 d6 6. Nc4 Bg7 7. f4 e5 8. Qf3
Ne7 9. fxe5 dxe5 10. O-O O-O 11. d3 f5 12. Nc3 e4 13. Qe2 Nd5 14. Bd2 Nxc3 15.
Bxc3 Bxc3 16. bxc3 Ba6 17. Nb2 Rb8 18. Rab1 Qa5 19. c4 Qa3 20. c3 exd3 21. Qd2
Rfe8 22. Rfd1 Qxa2 23. Qc1 Bxc4 24. Rd2 Qb3 25. Kf2 f4 26. exf4 Re2+ 27. Rxe2
dxe2 28. Ke1 Re8 29. Nxc4 Qxc4 30. Qd2 Qe4 31. Kf2 Qxb1 0-1

[Event "Mechanics' Winter TNM; 30/90, SD/30"]
[Site "San Francisco"]
[Date "2014.01.14"]
[Round "2.3"]
[White "Lin, Michael"]
[Black "Sarafian, Greg"]
[Result "1-0"]
[WhiteElo "2203"]
[BlackElo "1862"]
[PlyCount "87"]
[EventDate "2014.??.??"]

1. e4 e5 2. Nf3 Nc6 3. Bb5 a6 4. Ba4 Nf6 5. O-O Be7 6. Re1 b5 7. Bb3 O-O 8. c3
d6 9. h3 Na5 10. Bc2 c5 11. d4 Nd7 12. b3 exd4 13. cxd4 Bb7 14. Bb2 Nc6 15. Nc3
cxd4 16. Nd5 Rc8 17. Rc1 Nde5 18. Nxd4 Bg5 19. f4 Nxd4 20. Qxd4 Bxd5 21. exd5
Nf3+ 22. gxf3 Bf6 23. Qe4 g6 24. Bxf6 Qxf6 25. Bd3 Qb2 26. Rxc8 Rxc8 27. Re2
Rc1+ 28. Kg2 Qa1 29. Qe3 Rd1 30. Rc2 h5 31. f5 Re1 32. Re2 Rh1 33. Qf2 Rd1 34.
Rd2 Rc1 35. fxg6 Qe5 36. gxf7+ Kf8 37. h4 Qg7+ 38. Kh2 Qe5+ 39. f4 Qf6 40. Rc2
Rxc2 41. Bxc2 Qxf7 42. Qd4 Kg8 43. Qg1+ Kf8 44. Qg5 1-0

[Event "Mechanics' Fall TNM; 30/90, SD/30"]
[Site "San Francisco"]
[Date "2014.11.04"]
[Round "3.21"]
[White "Lkhagvasuren, Zolboo"]
[Black "Allen, Tom"]
[Result "1-0"]
[WhiteElo "1854"]
[BlackElo "1440"]
[PlyCount "67"]
[EventDate "2014.??.??"]

1. e4 e5 2. Nf3 Nc6 3. Bc4 Nf6 4. d4 exd4 5. e5 d5 6. Bb5 Ne4 7. Nxd4 Bd7 8.
Bxc6 bxc6 9. O-O Be7 10. Nd2 Nc5 11. b4 Ne6 12. Nf5 Bxb4 13. Qg4 Bf8 14. Nf3 g6
15. Nh6 Ng7 16. Qf4 Nf5 17. Nxf5 Bxf5 18. Nd4 Qd7 19. Bb2 Bg7 20. Rfe1 O-O 21.
c4 c5 22. Nb3 dxc4 23. Nxc5 Qb5 24. Bd4 Rfd8 25. g4 Bd3 26. Rad1 Rd5 27. Qf3
Rad8 28. e6 fxe6 29. a4 Qb8 30. Bxg7 Rxc5 31. Rxe6 Kxg7 32. Re7+ Kg8 33. Qf7+
Kh8 34. Qxh7# 1-0

[Event "Mechanics' Fall TNM; 30/90, SD/30"]
[Site "San Francisco"]
[Date "2014.11.25"]
[Round "5.21"]
[White "Lkhagvasuren, Zolboo"]
[Black "Casares, Nick"]
[Result "1-0"]
[WhiteElo "1854"]
[BlackElo "1600"]
[PlyCount "39"]
[EventDate "2014.??.??"]

1. e4 e5 2. Nf3 Nc6 3. Bc4 Nf6 4. d4 d5 $2 5. exd5 Na5 6. dxe5 Nxc4 7. exf6 $18
Qxf6 8. O-O Bg4 9. Qe2+ Be7 10. Qxc4 Bxf3 11. gxf3 O-O 12. Qg4 Rfe8 13. Nc3 Bd6
14. Ne4 Qe5 15. Nxd6 cxd6 16. c4 Rac8 17. Bf4 Qf6 18. Rae1 Qxb2 19. Bxd6 Red8
20. Be5 1-0

[Event "Mechanics' Spring TNM; 30/90, SD/30"]
[Site "San Francisco"]
[Date "2014.04.08"]
[Round "4.7"]
[White "Lkhagvasuren, Zolboo"]
[Black "Doyle, Bryon"]
[Result "0-1"]
[WhiteElo "1802"]
[BlackElo "2064"]
[PlyCount "68"]
[EventDate "2014.??.??"]

1. e4 e5 2. Nf3 Nc6 3. Bc4 Nf6 4. d4 exd4 5. e5 d5 6. Bb5 Ne4 7. Nxd4 Bc5 8.
O-O O-O 9. Nxc6 bxc6 10. Bxc6 Ba6 11. Bxa8 Bxf1 12. Be3 Bxe3 13. fxe3 Bxg2 14.
Qg4 Bh3 15. Qxh3 Qg5+ 16. Kf1 Rxa8 17. Na3 Qxe5 18. Rd1 Qf6+ 19. Ke2 Nf2 20.
Qg2 Nxd1 21. Kxd1 Rb8 22. c3 Qf5 23. Qe2 Re8 24. Qb5 Qg4+ 25. Kd2 Qg2+ 26. Kc1
Qg1+ 27. Kc2 Qxe3 28. Kb3 Qb6 29. Qxb6 axb6 30. Nb5 c5 31. Nc7 Re5 32. a4 f5
33. Na8 Re6 34. Nc7 Rd6 0-1

[Event "Mechanics' Winter TNM; 30/90, SD/30"]
[Site "San Francisco"]
[Date "2014.01.14"]
[Round "2.10"]
[White "Lkhagvasuren, Zolboo"]
[Black "Krasnov, Steven"]
[Result "0-1"]
[WhiteElo "1707"]
[BlackElo "1953"]
[PlyCount "120"]
[EventDate "2014.??.??"]

1. e4 c5 2. Nf3 Nc6 3. d4 cxd4 4. Nxd4 e6 5. a3 Nf6 6. Nc3 a6 7. Bg5 Be7 8. Be2
d6 9. O-O O-O 10. Kh1 h6 11. Bh4 Qc7 12. Bg3 b5 13. f4 Rd8 14. Nxc6 Qxc6 15.
Bd3 Rb8 16. Qe2 Bb7 17. Rf2 Rbc8 18. Raf1 Qc5 19. e5 Nh7 20. f5 dxe5 21. Bxe5
f6 22. Bf4 e5 23. Bd2 Bf8 24. Qg4 Kh8 25. Re2 Qd4 26. Qh5 Bc6 27. Rfe1 Be8 28.
Qh3 Bf7 29. Re4 Qd7 30. Rh4 Bc4 31. Re3 Ng5 32. Qg4 Bc5 33. Re2 Bxd3 34. cxd3
Qd4 35. Qxd4 Bxd4 36. Rg4 Bxc3 37. Bxc3 Rxd3 38. h4 Nf7 39. Kh2 Nd6 40. Rf2 Rc4
41. Rxc4 Nxc4 42. Rf3 e4 43. Rf1 h5 44. Re1 e3 45. Kg3 Nxa3 46. Kf3 b4 47. Ke4
bxc3 48. bxa3 Rd2 49. Rxe3 Rxg2 50. Rxc3 Rg4+ 51. Kd5 Rxh4 52. Ke6 Kh7 53. Kf7
Kh6 54. Rc8 Ra4 55. Rh8+ Kg5 56. Kxg7 Ra5 57. Ra8 Kxf5 58. Rf8 h4 59. Rxf6+ Kg4
60. Rh6 h3 0-1

[Event "Mechanics' Spring TNM; 30/90, SD/30"]
[Site "San Francisco"]
[Date "2014.05.06"]
[Round "8.11"]
[White "Lkhagvasuren, Zolboo"]
[Black "Niemann, Hans"]
[Result "0-1"]
[WhiteElo "1802"]
[BlackElo "2054"]
[Annotator "Donaldson"]
[PlyCount "106"]
[EventDate "2014.??.??"]

1. e4 b6 2. d4 Bb7 3. Bd3 e6 4. a3 Nf6 5. Nc3 c5 6. Nf3 cxd4 7. Nxd4 d6 8. O-O
Be7 9. f4 Nbd7 10. Qe2 a6 11. e5 dxe5 12. fxe5 Bc5 13. exf6 $2 (13. Be3 $1 Nxe5
14. Nxe6) 13... Bxd4+ 14. Kh1 Nxf6 15. Ne4 Qd7 16. Nxf6+ Bxf6 17. c3 Be7 18. c4
Qc6 19. Qg4 O-O-O 20. Be2 Bf6 21. Bf3 Qc5 22. Bxb7+ Kxb7 23. b4 Qc8 24. Rb1 Rd4
25. Qh5 Qc7 26. c5 Rh4 27. Qf3+ Qc6 28. Qg3 Qe4 29. Bb2 Rg4 30. Qf2 Rd8 31.
Bxf6 gxf6 32. Rbe1 Qd5 33. h3 Rg6 34. Rd1 Qxd1 35. Rxd1 Rxd1+ 36. Kh2 Rd5 37.
cxb6 Rdg5 38. Qf3+ Kxb6 39. Qe3+ Kc6 40. Qe4+ Kd6 41. g4 h5 42. gxh5 Rxh5 43.
Qd3+ Ke7 44. Qxa6 Rhg5 45. Qa7+ Kf8 46. Qe3 Rd5 47. Qf3 Rgg5 48. a4 Rgf5 49.
Qc3 Rfe5 50. Kg1 Re2 51. Kf1 Ra2 52. Qb3 Rdd2 53. Ke1 Rh2 0-1

[Event "Mechanics' Winter TNM; 30/90, SD/30"]
[Site "San Francisco"]
[Date "2014.01.28"]
[Round "4.10"]
[White "Lkhagvasuren, Zolboo"]
[Black "Niemann, Hans"]
[Result "0-1"]
[WhiteElo "1707"]
[BlackElo "1979"]
[PlyCount "62"]
[EventDate "2014.??.??"]

1. e4 c5 2. Nf3 d6 3. d4 cxd4 4. Nxd4 Nf6 5. Nc3 g6 6. Be2 Bg7 7. Be3 O-O 8.
O-O Nc6 9. f4 Qb6 10. Na4 Qa5 11. Nc3 Qb6 12. Na4 Qa5 13. Nc3 Bd7 14. f5 Nxd4
15. Bxd4 b5 16. a3 b4 17. axb4 Qxb4 18. Na2 Qb7 19. Bf3 Bc6 20. e5 dxe5 21.
Bxe5 Rfd8 22. Qe2 Rac8 23. Bc3 Nd5 24. Bxd5 Bxd5 25. Rfe1 Bxa2 26. Rxa2 Bxc3
27. bxc3 Rd7 28. Qe5 Qc6 29. Rea1 Rd2 30. Qg3 Qxc3 31. Qg4 Rxc2 0-1

[Event "Mechanics' Fall TNM; 30/90, SD/30"]
[Site "San Francisco"]
[Date "2014.12.09"]
[Round "7.11"]
[White "Lkhagvasuren, Zolboo"]
[Black "Thornally, Frank"]
[Result "1-0"]
[WhiteElo "1854"]
[BlackElo "2200"]
[Annotator "Donaldson"]
[PlyCount "79"]
[EventDate "2014.??.??"]

1. d4 Nf6 2. c4 e6 3. a3 d5 4. Nc3 Be7 5. Nf3 O-O 6. e3 b6 7. cxd5 exd5 8. Bd3
Bb7 9. O-O Nbd7 10. Qc2 c5 11. b3 Rc8 12. Ne5 $2 Qc7 $2 {Diagram #} (12... cxd4
$1 13. exd4 Nxe5 14. dxe5 Ne4 $17) 13. Nxd7 $1 {winning material} Nxd7 14.
Bxh7+ Kh8 15. Nb5 Qb8 16. Bf5 Bc6 17. Qe2 g6 18. Bh3 Rcd8 19. Bb2 f6 20. a4 Kg7
21. f4 Rde8 22. Be6 a6 23. Na3 cxd4 24. Bxd4 Nc5 25. f5 Nxe6 26. fxe6 Bd6 27.
h3 Rxe6 28. Qxa6 Bc5 29. Nc2 Qe8 30. b4 Bxd4 31. Nxd4 Rxe3 32. Qxb6 Bd7 33. a5
Bxh3 34. gxh3 Rg3+ 35. Kh2 Qe5 36. Ne6+ Kg8 37. Qc7 Rxh3+ 38. Kxh3 Qxe6+ 39.
Kg2 Re8 40. Rae1 1-0

[Event "Mechanics' Spring TNM; 30/90, SD/30"]
[Site "San Francisco"]
[Date "2014.04.22"]
[Round "6.10"]
[White "Lkhagvasuren, Zolboo"]
[Black "Todortsev, Victor"]
[Result "1/2-1/2"]
[WhiteElo "1802"]
[BlackElo "1951"]
[PlyCount "120"]
[EventDate "2014.??.??"]

1. e4 c5 2. Nf3 d6 3. d4 cxd4 4. Nxd4 Nc6 5. Nc3 g6 6. Be3 Bg7 7. Qd2 Nf6 8. f3
O-O 9. Nb3 a6 10. h4 h5 11. Bh6 Ne5 12. Bxg7 Kxg7 13. Be2 b5 14. Nd5 Nxd5 15.
exd5 Qb6 16. Nd4 Bd7 17. c3 Rac8 18. O-O Nc4 19. Bxc4 Rxc4 20. Kh1 e5 21. dxe6
fxe6 22. Qg5 e5 23. Ne2 Qd8 24. Qxd8 Rxd8 25. g3 Bf5 26. Rad1 d5 27. f4 Bg4 28.
Rd2 Bxe2 29. Rxe2 exf4 30. gxf4 Kf6 31. Kg2 Kf5 32. Kg3 Re4 33. Rd2 d4 34. Rf3
Re1 35. cxd4 Rg1+ 36. Kf2 Rg4 37. Rh3 Rd5 38. Ke3 Rd6 39. d5 Rxf4 40. Rd4 Rg4
41. Rf3+ Ke5 42. Rxg4 hxg4 43. Rf4 g3 44. Rg4 Kf5 45. Rxg3 Rxd5 46. Rg5+ Ke6
47. Rxg6+ Kf7 48. Rxa6 Rc5 49. Ra5 Rh5 50. Kf3 Rxh4 51. Rxb5 Rh1 52. Ke3 Rd1
53. a4 Ke6 54. Ke4 Kd6 55. b4 Kc6 56. Rc5+ Kb6 57. Rf5 Rb1 58. Rb5+ Ka6 59. Kd5
Ra1 60. Ra5+ Kb6 {and the game was draw some moves later - Black stopped
recording at move 47 and White at move 60.} 1/2-1/2

[Event "Mechanics' Winter TNM; 30/90, SD/30"]
[Site "San Francisco"]
[Date "2014.02.25"]
[Round "8.12"]
[White "Lkhagvasuren, Zolboo"]
[Black "Todortsev, Victor"]
[Result "1-0"]
[WhiteElo "1707"]
[BlackElo "1951"]
[PlyCount "91"]
[EventDate "2014.??.??"]

1. e4 c5 2. Nf3 Nc6 3. d4 cxd4 4. Nxd4 Nf6 5. Nc3 d6 6. Bg5 g6 7. Be2 Bg7 8.
O-O O-O 9. Nxc6 bxc6 10. f4 Qc7 11. Kh1 Rb8 12. Rb1 e6 13. Bd3 Ne8 14. Qe1 f6
15. Bh4 f5 16. Rf3 Nf6 17. b3 Qa5 18. exf5 exf5 19. Qe7 d5 20. Na4 Qd8 21. Qxa7
Qd6 22. Bf2 Re8 23. Bc5 Qd7 24. Qxb8 Ne4 25. Bxe4 fxe4 26. Rff1 Ba6 27. Qb4
Bxf1 28. Rxf1 d4 29. Nb6 Qd8 30. Re1 e3 31. Qc4+ Kh8 32. a4 Qf6 33. g3 Qf5 34.
Kg1 Qe4 35. Qd3 Qf3 36. Qe2 Qe4 37. a5 g5 38. Qd3 Qf3 39. Rf1 Qg4 40. Bxd4 e2
41. Bxg7+ Kxg7 42. Re1 gxf4 43. Qd7+ Qxd7 44. Nxd7 Rd8 45. Nc5 Rd2 46. c4 1-0

[Event "Mechanics' Spring TNM; 30/90, SD/30"]
[Site "San Francisco"]
[Date "2014.03.25"]
[Round "2.4"]
[White "Lkhagvasuren, Zolboo"]
[Black "Tsodikova, Natalya"]
[Result "0-1"]
[WhiteElo "1802"]
[BlackElo "2226"]
[PlyCount "80"]
[EventDate "2014.??.??"]

1. e4 c5 2. Nf3 d6 3. d4 cxd4 4. Nxd4 Nf6 5. Nc3 a6 6. Bg5 e6 7. Be2 Be7 8. Nb3
Qc7 9. O-O b5 10. a3 O-O 11. Bd3 Nbd7 12. f4 Nb6 13. Qe1 h6 14. Bh4 Bb7 15. Na5
Nc4 16. Nxb7 Qxb7 17. Rb1 Nh5 18. e5 g6 19. Ne4 d5 20. Nf6+ Nxf6 21. Bxf6 Bxf6
22. exf6 Qb6+ 23. Kh1 Qd4 24. b3 Nxa3 25. Ra1 b4 26. Qh4 Kh7 27. g4 Rh8 28.
Rad1 Qc5 29. f5 exf5 30. gxf5 g5 31. Qh5 Ra7 32. Rg1 Rg8 33. h4 Qe3 34. Kh2
Qf4+ 35. Kh3 g4+ 36. Rxg4 Qf3+ 37. Kh2 Qxg4 38. Qxg4 Rxg4 39. Kh3 Rg8 40. Be2
Rd8 0-1

[Event "Mechanics' Winter TNM; 30/90, SD/30"]
[Site "San Francisco"]
[Date "2014.02.11"]
[Round "6.8"]
[White "Lkhagvasuren, Zolboo"]
[Black "Tsodikova, Natalya"]
[Result "0-1"]
[WhiteElo "1707"]
[BlackElo "2226"]
[PlyCount "56"]
[EventDate "2014.??.??"]

1. e4 c5 2. Nf3 d6 3. d4 cxd4 4. Nxd4 Nf6 5. Nc3 a6 6. Be2 e5 7. Nb3 Be7 8. O-O
Be6 9. f4 Qc7 10. f5 Bc4 11. Bd3 b5 12. a3 Nbd7 13. Qf3 Nb6 14. Bg5 Rd8 15.
Bxc4 Qxc4 16. Be3 Qc7 17. Rad1 Nc4 18. Bc1 Rc8 19. g4 h6 20. Qh3 Nh7 21. Kh1
Bg5 22. Nd5 Qd8 23. f6 Bxf6 24. Bxh6 Ng5 25. Nxf6+ gxf6 26. Qh5 Ne3 27. h4 Nxe4
28. Rf3 Nxd1 0-1

[Event "Mechanics' Spring TNM; 30/90, SD/30"]
[Site "San Francisco"]
[Date "2014.03.25"]
[Round "2.22"]
[White "Locke, Bryan"]
[Black "Vazquez, Erasmo"]
[Result "0-1"]
[WhiteElo "915"]
[BlackElo "1683"]
[PlyCount "66"]
[EventDate "2014.??.??"]

1. e4 c6 2. d4 d5 3. e5 Bf5 4. Nf3 e6 5. Be2 c5 6. c3 Nc6 7. Bb5 Qb6 8. Bxc6+
bxc6 9. O-O Ne7 10. b3 Bg4 11. Bg5 Nf5 12. h3 Bxf3 13. Qxf3 cxd4 14. cxd4 Nxd4
15. Qg4 Nc2 16. Nc3 Nxa1 17. Rxa1 Qb4 18. Qf3 Be7 19. Bxe7 Qxe7 20. Rd1 O-O 21.
Rd4 f6 22. Qh5 Qf7 23. Qe2 fxe5 24. Rh4 Qf6 25. Qh5 Qxf2+ 26. Kh2 Qf5 27. Qe2
Rf6 28. Qa6 Raf8 29. Qxa7 e4 30. Rg4 Qe5+ 31. Rg3 Rg6 32. Ne2 Rxg3 33. Nxg3 e3
0-1

[Event "Mechanics' Whitehead TNM; 30/90, SD/30"]
[Site "San Francisco"]
[Date "2014.09.09"]
[Round "6.19"]
[White "Louie, Henry"]
[Black "Allen, Tom"]
[Result "0-1"]
[WhiteElo "1509"]
[BlackElo "1440"]
[PlyCount "80"]
[EventDate "2014.??.??"]

1. e4 e5 2. Nf3 Nc6 3. Bb5 f5 4. Nc3 fxe4 5. Nxe4 d5 6. Ng3 Bg4 7. h3 Bxf3 8.
Qxf3 Nf6 9. d3 Bc5 10. Bg5 O-O 11. Nf5 e4 12. Qg3 Qd7 13. Nh4 Nh5 14. Qg4 Bxf2+
15. Kd2 Qf7 16. Bxc6 bxc6 17. dxe4 Ng3 18. Rhd1 Nxe4+ 19. Kd3 Bxh4 20. Bxh4 h5
21. Qe2 Qg6 22. Kd4 Rf5 23. Rf1 c5+ 24. Ke3 Ng3 25. Bxg3 Re8+ 26. Kd2 Rxe2+ 27.
Kxe2 Rxf1 28. Kxf1 Qxg3 29. Rd1 Qf4+ 30. Kg1 d4 31. Kh1 a5 32. Kg1 g5 33. Kh1
g4 34. hxg4 Qxg4 35. Rd2 h4 36. c3 Qe4 37. Rd1 h3 38. Rg1 h2 39. Rf1 Qc2 40.
Rf3 d3 0-1

[Event "Mechanics' Spring TNM; 30/90, SD/30"]
[Site "San Francisco"]
[Date "2014.04.08"]
[Round "4.25"]
[White "Louie, Henry"]
[Black "Bekhtur, Bayaraa"]
[Result "0-1"]
[WhiteElo "1475"]
[BlackElo "1878"]
[PlyCount "50"]
[EventDate "2014.??.??"]

1. e4 e5 2. Nf3 d6 3. Nc3 Be7 4. Be2 Nf6 5. d3 O-O 6. h3 Nc6 7. Be3 Re8 8. O-O
a6 9. a3 h6 10. Re1 Nh7 11. Nd5 Bf8 12. c4 f5 13. exf5 Bxf5 14. b4 Ne7 15. Qb3
Kh8 16. Nh4 Be6 17. Nxe7 Bxe7 18. Bh5 Bxh4 19. Bxe8 Qxe8 20. Rad1 Qg6 21. Kh2
Rf8 22. Qb2 Ng5 23. g3 Qf5 24. gxh4 Qxh3+ 25. Kg1 Nf3# 0-1

[Event "Mechanics' Whitehead TNM; 30/90, SD/30"]
[Site "San Francisco"]
[Date "2014.09.23"]
[Round "8.30"]
[White "Louie, Henry"]
[Black "Eastham, Lorraine"]
[Result "1-0"]
[WhiteElo "1509"]
[BlackElo "1229"]
[PlyCount "59"]
[EventDate "2014.??.??"]

1. e4 e5 2. Nf3 Nc6 3. Bb5 a6 4. Ba4 Nf6 5. O-O Nxe4 6. d4 b5 7. Bb3 d5 8. dxe5
Be6 9. c3 Be7 10. Qe2 O-O 11. Nbd2 Nc5 12. Bc2 Qd7 13. b4 Na4 14. Bxa4 bxa4 15.
Rd1 f6 16. exf6 Bxf6 17. Ne4 Qe7 18. Nxf6+ Qxf6 19. Bg5 Qf7 20. Bh4 Qd7 21. c4
Bg4 22. Rxd5 Bxf3 23. gxf3 Qf7 24. Qd2 Rad8 25. Bxd8 Nxd8 26. Rxd8 Qxf3 27.
Rxf8+ Qxf8 28. Qd5+ Kh8 29. Rd1 h6 30. Qd8 1-0

[Event "Mechanics' SummerTNM; 30/90, SD/30"]
[Site "San Francisco"]
[Date "2014.07.15"]
[Round "8.35"]
[White "Louie, Henry"]
[Black "Gomboluudev, Enkhjin"]
[Result "1-0"]
[WhiteElo "1517"]
[BlackElo "1533"]
[Annotator "Donaldson"]
[PlyCount "65"]
[EventDate "2014.??.??"]

1. e4 e5 2. Nf3 Nc6 3. Bb5 a6 4. Ba4 Bc5 5. d3 b5 6. Bb3 h6 7. O-O Nf6 8. c3
Bb6 9. Bc2 d6 10. h3 O-O 11. Re1 Re8 12. Be3 d5 13. Bxb6 cxb6 14. Nbd2 d4 15.
Nf1 Bb7 16. Ng3 Rc8 17. Nf5 Nh7 18. Qd2 Qf6 19. Bb3 Red8 20. Rac1 dxc3 21. Rxc3
Ne7 22. Nxe7+ Qxe7 23. Qe3 Qf6 24. Rec1 Rxc3 25. Rxc3 Nf8 26. Rc7 Ba8 $4 (26...
Rd7 $11) 27. Rxf7 Qxf7 28. Bxf7+ Kxf7 29. Nxe5+ Kg8 30. Qxb6 Re8 31. f4 Ne6 32.
g3 a5 33. Qxb5 1-0

[Event "Mechanics' SummerTNM; 30/90, SD/30"]
[Site "San Francisco"]
[Date "2014.05.27"]
[Round "1.13"]
[White "Louie, Henry"]
[Black "Klinetobe, David"]
[Result "0-1"]
[WhiteElo "1517"]
[BlackElo "2017"]
[PlyCount "80"]
[EventDate "2014.??.??"]

1. e4 e6 2. d4 d5 3. Nc3 Bb4 4. e5 c5 5. Bd2 Nh6 6. a3 Bxc3 7. Bxc3 cxd4 8.
Bxd4 Nc6 9. Nf3 O-O 10. Be2 Nf5 11. O-O Nfxd4 12. Nxd4 Nxe5 13. a4 Bd7 14. Bb5
Rc8 15. Re1 Nc4 16. b3 Nd6 17. Bd3 Qf6 18. Re3 e5 19. Qh5 e4 20. Qxd5 exd3 21.
cxd3 Bc6 22. Qe5 Qxe5 23. Rxe5 Rfe8 24. Rae1 Rxe5 25. Rxe5 Re8 26. Rxe8+ Nxe8
27. f3 Kf8 28. Kf2 Ke7 29. Ke3 Nd6 30. Kf4 f6 31. g4 g6 32. h4 Nf7 33. Nxc6+
bxc6 34. d4 Ke6 35. Ke4 Nd6+ 36. Kf4 Kd5 37. Ke3 f5 38. g5 Nb7 39. Kd3 Nd8 40.
Ke3 Ne6 0-1

[Event "Mechanics' Winter TNM; 30/90, SD/30"]
[Site "San Francisco"]
[Date "2014.01.14"]
[Round "2.30"]
[White "Louie, Henry"]
[Black "Morgan, Jerry"]
[Result "1/2-1/2"]
[WhiteElo "1475"]
[BlackElo "1568"]
[PlyCount "54"]
[EventDate "2014.??.??"]

1. e4 Nf6 2. Nc3 e5 3. Nf3 Nc6 4. a3 Bc5 5. Bc4 O-O 6. O-O d6 7. b4 Bb6 8. Na4
Nxe4 9. Nxb6 axb6 10. Re1 Nf6 11. d3 Bg4 12. h3 Bh5 13. g4 Nxg4 14. hxg4 Bxg4
15. d4 Nxd4 16. Be2 Qf6 17. Nxd4 Bxe2 18. Nxe2 Qg6+ 19. Ng3 Rae8 20. c4 f5 21.
Kf1 c6 22. Nh1 Qe6 23. Qc2 f4 24. f3 Rf6 25. Nf2 h5 26. Ne4 Rg6 27. Re2 Qh3+
1/2-1/2

[Event "Mechanics' Spring TNM; 30/90, SD/30"]
[Site "San Francisco"]
[Date "2014.04.29"]
[Round "7.25"]
[White "Louie, Henry"]
[Black "Olson, David"]
[Result "1-0"]
[WhiteElo "1475"]
[BlackElo "1415"]
[PlyCount "69"]
[EventDate "2014.??.??"]

1. e4 d6 2. d4 Nf6 3. Nc3 c6 4. Nf3 g6 5. Bd3 Bg7 6. O-O O-O 7. Re1 Bg4 8. h3
Bh5 9. g4 Nxg4 10. hxg4 Bxg4 11. Be2 Bh3 12. Nh2 e5 13. d5 f5 14. Bf1 Qh4 15.
Bxh3 Qxh3 16. Re3 Qh4 17. Rg3 Nd7 18. Bg5 Qh5 19. Qxh5 gxh5 20. Bh6 Rf7 21.
Bxg7 Rxg7 22. Rxg7+ Kxg7 23. exf5 Kf6 24. Ne4+ Kxf5 25. Nxd6+ Kf4 26. dxc6 bxc6
27. Nc4 Rg8+ 28. Kf1 Nf6 29. Rd1 Nd5 30. a3 h4 31. Rd3 e4 32. Rh3 Kg5 33. Nd6
Rf8 34. Nxe4+ Kf4 35. Rf3+ 1-0

[Event "Mechanics' SummerTNM; 30/90, SD/30"]
[Site "San Francisco"]
[Date "2014.06.10"]
[Round "3.30"]
[White "Louie, Henry"]
[Black "Otterbach, Renate"]
[Result "1-0"]
[WhiteElo "1517"]
[BlackElo "994"]
[PlyCount "67"]
[EventDate "2014.??.??"]

1. e4 e6 2. d4 d5 3. exd5 exd5 4. Nf3 Nf6 5. Bd3 Bd6 6. Nc3 Nbd7 7. O-O O-O 8.
Bg5 c5 9. Re1 Re8 10. Nb5 Rxe1+ 11. Qxe1 Nf8 12. Nxd6 Qxd6 13. dxc5 Qc6 14. b4
Bg4 15. Nd4 Qe8 16. Bxf6 gxf6 17. Qd2 Qe5 18. Re1 Qg5 19. Qxg5+ fxg5 20. Re5 f6
21. Rxd5 Re8 22. h3 Bh5 23. Rd6 Bg6 24. Kf1 Bxd3+ 25. cxd3 Ng6 26. Nf5 Nf4 27.
Rxf6 Nxd3 28. Ne3 Kg7 29. Rd6 Nxb4 30. Rd7+ Kg6 31. Rxb7 Nc6 32. Rd7 a5 33.
Rd6+ Kh5 34. Rxc6 1-0

[Event "Mechanics' Spring TNM; 30/90, SD/30"]
[Site "San Francisco"]
[Date "2014.03.25"]
[Round "2.32"]
[White "Louie, Henry"]
[Black "Otterbach, Renate"]
[Result "1-0"]
[WhiteElo "1475"]
[BlackElo "1056"]
[PlyCount "37"]
[EventDate "2014.??.??"]

1. e4 e6 2. d4 d5 3. Nc3 Nf6 4. e5 Nfd7 5. Nf3 c5 6. Bf4 Nc6 7. Be2 Qb6 8. O-O
Ne7 9. Nb5 Nf5 10. g4 c4 11. gxf5 Qxb5 12. fxe6 fxe6 13. Ng5 Be7 14. Nxe6 Qc6
15. Nxg7+ Kf8 16. Nh5 Qg6+ 17. Ng3 Rg8 18. Bh5 Qe4 19. Bh6+ 1-0

[Event "Mechanics' SummerTNM; 30/90, SD/30"]
[Site "San Francisco"]
[Date "2014.06.24"]
[Round "5.27"]
[White "Louie, Henry"]
[Black "Palmeri, Ralph"]
[Result "0-1"]
[WhiteElo "1517"]
[BlackElo "1740"]
[PlyCount "104"]
[EventDate "2014.??.??"]

1. e4 c5 2. Nf3 Nc6 3. d4 cxd4 4. Nxd4 Nf6 5. Nc3 d6 6. Bg5 Ng4 7. h3 Nge5 8.
f4 Nd7 9. g4 Qb6 10. Nb3 h6 11. Bh4 Qe3+ 12. Qe2 Qxf4 13. Nd5 Qe5 14. Nc7+ Kd8
15. Nxa8 Qxb2 16. Bf2 b6 17. Bg2 Bb7 18. Nxb6 axb6 19. O-O g6 20. Rfd1 Bg7 21.
Rab1 Qxa2 22. Qb5 Qa6 23. Qxa6 Bxa6 24. e5 Ncxe5 25. Nd4 e6 26. Nc6+ Kc7 27.
Nxe5 Bxe5 28. Bd4 d5 29. Bxe5+ Nxe5 30. Ra1 Bb7 31. Ra7 Rc8 32. Rd4 $2 Nc6 33.
Rxb7+ Kxb7 34. Rf4 Rc7 35. c4 dxc4 36. Rxc4 b5 37. Rb4 Kb6 38. Rb1 Ne5 39. Rb3
Kc5 40. Bf1 b4 41. Rb1 Rd7 42. Rc1+ Kb6 43. Ra1 Nf3+ 44. Kf2 Nd2 45. Bg2 b3 46.
Ra8 Kc5 47. Rc8+ Kb4 48. Rb8+ Kc3 49. Rc8+ Nc4 50. Bf1 Rd4 51. Rb8 b2 52. Bxc4
Rxc4 0-1

[Event "Mechanics' Winter TNM; 30/90, SD/30"]
[Site "San Francisco"]
[Date "2014.02.18"]
[Round "7.33"]
[White "Louie, Henry"]
[Black "Ross, David"]
[Result "1-0"]
[WhiteElo "1475"]
[BlackElo "1102"]
[PlyCount "35"]
[EventDate "2014.??.??"]

1. e4 e6 2. d4 d5 3. Nc3 Bb4 4. e5 c5 5. Bd2 cxd4 6. Nb5 Be7 7. Nxd4 Nc6 8.
Ngf3 f6 9. Bf4 fxe5 10. Nxe5 Nxe5 11. Bxe5 Nf6 12. Bd3 Bd6 13. Bb5+ Bd7 14.
Bxd6 Bxb5 15. Nxb5 Qa5+ 16. Nc3 d4 17. Qxd4 Rd8 18. O-O-O 1-0

[Event "Mechanics' Winter TNM; 30/90, SD/30"]
[Site "San Francisco"]
[Date "2014.01.07"]
[Round "1.12"]
[White "Louie, Henry"]
[Black "Todortsev, Victor"]
[Result "0-1"]
[WhiteElo "1475"]
[BlackElo "1951"]
[PlyCount "50"]
[EventDate "2014.??.??"]

1. e4 c5 2. Nf3 d6 3. d4 cxd4 4. Nxd4 Nf6 5. Nc3 g6 6. Bb5+ Bd7 7. Bxd7+ Nbxd7
8. O-O Bg7 9. Bg5 O-O 10. Qd2 Ne5 11. Rab1 Nc4 12. Qe2 Rc8 13. Rfd1 a6 14. h3
Qc7 15. Bxf6 exf6 16. Nd5 Qd8 17. c3 b5 18. Nc2 Re8 19. Ncb4 a5 20. Nc2 f5 21.
f3 fxe4 22. fxe4 f5 23. Nce3 Rxe4 24. Qf3 Nxe3 25. Nxe3 Qb6 0-1